| 000 | 00832cam a22002897a 4500 | ||
|---|---|---|---|
| 003 | CHAP | ||
| 005 | 20220329135126.0 | ||
| 008 | 971013s1970 r 00010 d | ||
| 010 | _a31323 | ||
| 011 | _a32295 | ||
| 035 | _a36409 | ||
| 040 | _cCHAP | ||
| 082 |
_a581.47 _bM37 |
||
| 100 | 0 | 0 |
_aMartín, J. T. _971741 |
| 245 | 1 | 4 | _aThe cuticles of plants |
| 260 |
_aEdinburgh : _bArnold, _c1970 |
||
| 300 |
_a347 p. _b: ilus |
||
| 590 |
_aBATCH-UPD _b10 _c20130110 _lUCH01 _h1847 |
||
| 590 |
_aBATCH-UPD _b10 _c20130410 _lUCH01 _h1217 |
||
| 590 |
_aBATCH-UPD _b10 _c20130914 _lUCH01 _h1133 |
||
| 590 |
_aCONVERSION _b10 _c20130109 _lUCH01 _h1318 |
||
| 650 | 1 | 4 |
_aCutícula. _930764 |
| 700 | 0 |
_aJuniper, B. E. _962356 |
|
| 901 | _aBK | ||
| 942 | _cLIBRO | ||
| 949 |
_a581.47 M37 _bBC _cLIBRO _d33724000540084 _eLIBRO _h13981 _i36409 _si _t300.00 |
||
| 999 |
_c31323 _d31323 |
||